[Event "Eppingen BM"]
[Site "Eppingen"]
[Date "1988.??.??"]
[Round "?"]
[White "Vatter, Hans Joachim"]
[Black "Fehling, Michael"]
[Result "1-0"]
[WhiteElo "2270"]
[BlackElo "2255"]

1.d4 Nf6 2.c4 e6 3.Nf3 c5 4.d5 exd5 5.cxd5 d6 6.Nc3 g6 7.e4 Bg7 8.Be2 O-O
9.O-O Re8 10.Nd2 Na6 11.Kh1 Nc7 12.a4 b6 13.f4 Rb8 14.Bf3 h5 15.h3 Ba6 16.Re1 Nd7
17.Be2 Bxe2 18.Rxe2 Nf6 19.Qe1 Na6 20.Nc4 Nb4 21.Qg3 Nh7 22.f5 h4 23.Qg4 Qf6
24.fxg6 fxg6 25.Bf4 Nd3 26.Bxd6 Ra8 27.e5 Nf2+ 28.Rxf2 Qxf2 29.Qxg6 Qf4 30.Ne4 Qh6
31.Qg4 Rad8 32.Rf1 Kh8 33.e6  1-0

[Event "Esbjerg-B"]
[Site "Esbjerg"]
[Date "1988.??.??"]
[Round "7"]
[White "Jasnikowski, Zbigniew"]
[Black "Fries Nielsen, Jens Ove"]
[Result "1-0"]
[WhiteElo "2425"]
[BlackElo "2385"]

1.d4 Nf6 2.c4 c5 3.d5 e6 4.Nc3 exd5 5.cxd5 d6 6.Nf3 g6 7.Bf4 a6 8.e4 Qe7
9.Be2 Nbd7 10.O-O Bg7 11.a4 O-O 12.Nd2 Ne5 13.Bg3 g5 14.a5 Nfd7 15.Re1 b5
16.axb6 Nxb6 17.Nf1 f5 18.exf5 Bxf5 19.Ne3 Qf7 20.Nxf5 Qxf5 21.h3 Nbc4 22.Ra2 Rae8
23.Kh2 g4 24.Bxc4 gxh3 25.Be2 hxg2 26.Kxg2 Nf3 27.Rh1  1-0

[Event "Espoo"]
[Site "Espoo"]
[Date "1988.??.??"]
[Round "4"]
[White "Reeh, Oliver"]
[Black "Shneider, Aleksandr"]
[Result "1-0"]
[WhiteElo "2460"]
[BlackElo "2465"]

1.d4 Nf6 2.c4 e6 3.Nf3 c5 4.d5 exd5 5.cxd5 d6 6.Nc3 g6 7.Nd2 Nbd7 8.e4 Bg7
9.Nc4 Nb6 10.Ne3 Qe7 11.Bd3 O-O 12.O-O Bd7 13.a4 Rab8 14.Re1 Nc8 15.h3 a6
16.a5 Re8 17.Bd2 Nh5 18.Nf5 Bxf5 19.exf5 Qd8 20.Rxe8+ Qxe8 21.g4 Nf6 22.g5 Nd7
23.f6 Bf8 24.Qe2 Qd8 25.f4 Nxf6 26.gxf6 Qxf6 27.Ne4 Qxb2 28.Rb1 Qd4+ 29.Kh2 Bg7
30.Bc3 Qxd5 31.Bc4 Qc6 32.Bxg7 Kxg7 33.Qb2+ Kh6 34.Ng5  1-0

[Event "Frankfurt"]
[Site "Frankfurt"]
[Date "1988.??.??"]
[Round "5"]
[White "Roeschlau, Bernd"]
[Black "Kertesz, Alfred"]
[Result "1/2-1/2"]
[WhiteElo "2250"]
[BlackElo "2335"]

1.d4 Nf6 2.c4 e6 3.Nc3 c5 4.d5 exd5 5.cxd5 d6 6.Nf3 g6 7.Bg5 h6 8.Bh4 g5
9.Bg3 Nh5 10.Qa4+ Qd7 11.Nb5 Kd8 12.Nd2 Nxg3 13.hxg3 Na6 14.Ne4 Nc7  1/2-1/2

[Event "Dreszer mem"]
[Site "Gdynia"]
[Date "1988.??.??"]
[Round "10"]
[White "Stratil, Ladislav Jr"]
[Black "Petkevich, Jusefs"]
[Result "1/2-1/2"]
[WhiteElo "2430"]
[BlackElo "2465"]

1.d4 Nf6 2.c4 e6 3.Nf3 c5 4.d5 exd5 5.cxd5 d6 6.Nc3 g6 7.Nd2 Nbd7 8.e4 Bg7
9.Nc4 Nb6 10.Ne3 O-O 11.Bd3 Re8 12.O-O c4 13.Bc2 Bd7 14.a4 Rc8 15.f3 a6 16.Ne2 Na8
17.a5 Bb5 18.Bd2 b6 19.Bc3 bxa5 20.Bxa5 Nb6 21.Nc3 Qc7 22.Kh1 Qc5 23.Qd2 Nbd7
24.Ra3 h5 25.Na4 Qa7 26.Bc3 Qc7 27.Rf2 Ne5 28.Ba5 Qa7 29.Nc3 Bd7 30.Ncd1 Bh6
31.Bc3 Bb5 32.Bd4 Qe7 33.Nc3 Rb8 34.h3 Bf4 35.Ne2 Bh6 36.Nc3 Bf4 37.Ne2 Bh6
38.Nc3  1/2-1/2

[Event "Groningen op"]
[Site "Groningen"]
[Date "1988.??.??"]
[Round "?"]
[White "Boersma, Paulus A"]
[Black "Gurevich, Dmitry"]
[Result "1-0"]
[WhiteElo "2385"]
[BlackElo "2475"]

1.d4 Nf6 2.Nf3 e6 3.c4 c5 4.d5 exd5 5.cxd5 d6 6.Nc3 g6 7.Bg5 h6 8.Bh4 g5
9.Bg3 Nh5 10.e3 Nxg3 11.hxg3 Bg7 12.Bd3 Nd7 13.Qc2 Qe7 14.a4 a6 15.a5 Rb8
16.Ra4 Kf8 17.Bf5 Qf6 18.g4 Ne5 19.Nxe5 Bxf5 20.gxf5 Qxe5 21.Re4 Qf6 22.Na4 Kg8
23.O-O Kh7 24.Rc4 Rhe8 25.Rb1 Re5 26.Nb6 Rd8 27.b4 cxb4 28.Rc7 Kg8 29.Nd7 Rxd7
30.Rxd7 Rxd5 31.Rxb4 Rc5 32.Rc4 Qa1+ 33.Kh2 Qe5+ 34.g3 Rxc4 35.Qxc4 Qxf5
36.Rd8+ Kh7 37.Kg2 Be5 38.g4 Qf6 39.Rd7 Kg7 40.Rxb7 Bc3 41.Qd5 Be1 42.f3 Bc3
43.Ra7 Bb4 44.Qd4 Qxd4 45.exd4 Bxa5 46.Rxa6 Bb4 47.Kf2 Kg6 48.Rb6 Ba3 49.Ra6 Bb4
50.Ke3 h5 51.Kd3 h4 52.Kc4 Bd2 53.Rxd6+ Kg7 54.Rb6 h3 55.Rb1 Bf4 56.Rh1 h2
57.Kc5 Kf6 58.Kc6 Bg3 59.d5 Be5 60.Kd7 Bg3 61.d6 Be5 62.Rd1 Bc3 63.Ke8 Ke5
64.d7 Ba5 65.Rh1 Kf4 66.Rxh2 Kxf3 67.Ra2  1-0

[Event "Hradec Kralove"]
[Site "Hradec Kralove"]
[Date "1988.??.??"]
[Round "5"]
[White "Bus, Mariusz"]
[Black "Prymula, Roman"]
[Result "0-1"]
[WhiteElo "2355"]
[BlackElo "2305"]

1.d4 Nf6 2.c4 c5 3.d5 e6 4.Nc3 exd5 5.cxd5 d6 6.Nf3 g6 7.Bf4 Bg7 8.Qa4+ Bd7
9.Qb3 b5 10.Nxb5 Bxb5 11.Qxb5+ Nbd7 12.Bxd6 Ne4 13.Be5 O-O 14.Bxg7 Kxg7 15.Qa4 Rb8
16.Qxe4 Qa5+ 17.Nd2 Rxb2 18.Rd1 Nf6 19.Qc4 Rfb8 20.e3 Rxa2 21.Be2 Rbb2 22.O-O Rxd2
23.Rxd2 Qxd2 24.Bf3 Rc2 25.Qa4 Rc1 26.e4 c4 27.d6 c3 28.Rxc1 Qxc1+ 29.Bd1 Qd2
30.h3 Nxe4 31.d7 Nc5  0-1

[Event "FRG-ch qual"]
[Site "Koenigslutter"]
[Date "1988.??.??"]
[Round "?"]
[White "Michaelsen, Nils"]
[Black "Wegner, Hannu"]
[Result "1/2-1/2"]
[WhiteElo "2380"]
[BlackElo "2290"]

1.d4 Nf6 2.c4 e6 3.Nf3 c5 4.d5 exd5 5.cxd5 d6 6.Nc3 g6 7.Nd2 Bg7 8.e4 O-O
9.Be2 Re8 10.f4 Na6 11.O-O Nc7 12.a4 a6 13.Bf3 Rb8  1/2-1/2

[Event "Marseille"]
[Site "Marseille"]
[Date "1988.??.??"]
[Round "?"]
[White "Andruet, Gilles"]
[Black "Renet, Olivier"]
[Result "1-0"]
[WhiteElo "2450"]
[BlackElo "2440"]

1.d4 Nf6 2.c4 e6 3.Nf3 c5 4.d5 exd5 5.cxd5 d6 6.Nc3 g6 7.Nd2 Nbd7 8.e4 Bg7
9.Be2 O-O 10.O-O Re8 11.a4 Ne5 12.Qc2 g5 13.Ra3 a6 14.Nd1 b6 15.Ne3 Rb8 16.Re1 Ng6
17.f3 b5 18.axb5 axb5 19.b3 Qb6 20.Ndf1 Nh5 21.Bb2 Bd4 22.Qd2 Nhf4 23.Kh1 Ne5
24.Ng3 Bd7 25.Bf1 Ra8 26.Rea1 Rxa3 27.Rxa3 Bxb2 28.Qxb2 c4 29.bxc4 b4 30.Rb3 Ba4
31.Rxb4 Qxe3 32.Rxa4 Nfd3 33.Bxd3 Nxd3 34.Qg7+ Kxg7 35.Nf5+ Kf6 36.Nxe3 Rb8
37.h4 gxh4 38.Ra7 Ke5 39.Nf5 h3 40.g3 Rb1+ 41.Kh2 Rf1 42.f4+ Kxe4 43.Nxd6+ Kf3
44.Ra3 Ke2 45.Kxh3 Rh1+ 46.Kg4 Nf2+ 47.Kg5 Rb1 48.Nxf7 Rb6 49.Kf5  1-0

[Event "Marseille"]
[Site "Marseille"]
[Date "1988.??.??"]
[Round "?"]
[White "Kouatly, Bachar"]
[Black "Renet, Olivier"]
[Result "1/2-1/2"]
[WhiteElo "2440"]
[BlackElo "2440"]

1.d4 Nf6 2.c4 e6 3.Nf3 c5 4.d5 exd5 5.cxd5 d6 6.Nc3 g6 7.Nd2 Nbd7 8.e4 Bg7
9.Be2 O-O 10.O-O Re8 11.a4 Ne5 12.Qc2 g5 13.Ra3 g4 14.Nd1 Nh5 15.f4 gxf3
16.Nxf3 Ng6 17.Ng5 Nf6 18.Rg3 Qe7 19.Bb5 Rf8 20.Ne3 Nh5 21.Nf5 Bxf5 22.exf5 Bd4+
23.Kh1 Nxg3+ 24.hxg3 f6 25.Ne6 Ne5 26.Bh6 Ng4 27.Bxf8 Qf7 28.Nf4 Qxf8 29.Qe2 Qh6+
30.Nh3 Ne5 31.Bd7 Kh8 32.Be6 a6 33.Rf4 b5 34.axb5 axb5 35.Qxb5 Ra1+ 36.Kh2 Bg1+
37.Kh1 Bd4+  1/2-1/2

[Event "Mendrisio op"]
[Site "Mendrisio"]
[Date "1988.??.??"]
[Round "9"]
[White "Kelecevic, Nedeljko"]
[Black "Valenti, Giuseppe"]
[Result "1/2-1/2"]
[WhiteElo "2380"]
[BlackElo "2240"]

1.d4 Nf6 2.c4 c5 3.d5 e6 4.Nc3 exd5 5.cxd5 d6 6.Nf3 g6 7.Nd2 Bg7 8.e4 O-O
9.Be2 Re8 10.O-O Na6 11.f3 Nc7 12.a4 b6 13.Nc4 Ba6 14.Bg5 h6 15.Be3 Qd7 16.Qd2 Kh7
17.b3 Rab8 18.Kh1 Rb7 19.Rab1 Bxc4 20.bxc4 Na6 21.Rbe1 Nb4 22.Bd1 a6 23.Bg1 Qe7
24.f4 Nd7 25.Bf3 f6 26.Re2 Rbb8 27.Rfe1 Rbd8 28.Bg4 Nf8 29.h3 Qf7 30.Bh2 Nd7
31.Na2 Nxa2 32.Qxa2 Kh8 33.Qb1 Rb8 34.Be6 Qe7 35.Re3 Nf8 36.e5 f5 37.exd6 Qxd6
38.g4 b5 39.axb5 axb5 40.gxf5 bxc4 41.Qe4 gxf5 42.Qxf5 c3 43.Qd3 Rb2 44.Bg3 Rd2
45.Qe4 Nxe6 46.dxe6 c2 47.f5 Qd5 48.Qxd5 Rxd5 49.R3e2 Rxf5 50.Rxc2 Bd4 51.Ra2  1/2-1/2

[Event "New York op"]
[Site "New York"]
[Date "1988.??.??"]
[Round "?"]
[White "Drasko, Milan"]
[Black "Suba, Mihai"]
[Result "0-1"]
[WhiteElo "2465"]
[BlackElo "2550"]

1.d4 Nf6 2.c4 e6 3.Nf3 c5 4.d5 d6 5.Nc3 exd5 6.cxd5 g6 7.g3 Bg7 8.Bg2 O-O
9.O-O Na6 10.Nd2 Nc7 11.Nc4 Nfe8 12.a4 b6 13.Qc2 f5 14.Rb1 Ba6 15.Na2 Qd7
16.Rd1 Bxc4 17.Qxc4 a6 18.Qc2 b5 19.b4 c4 20.Be3 Nf6 21.Bd4 bxa4 22.Bb2 Nb5
23.Qxa4 Rac8 24.Bxf6 Bxf6 25.Qxa6 Qe8 26.Rd2 Ra8 27.Qc6 c3 28.Rc2 Nd4 29.Qxe8 Rfxe8
30.Rbc1 Nxe2+  0-1

[Event "New York op"]
[Site "New York"]
[Date "1988.??.??"]
[Round "?"]
[White "Dlugy, Maxim"]
[Black "Wedberg, Tom"]
[Result "1-0"]
[WhiteElo "2550"]
[BlackElo "2475"]

1.d4 Nf6 2.c4 e6 3.Nf3 c5 4.d5 exd5 5.cxd5 d6 6.Nc3 g6 7.Nd2 Nbd7 8.e4 Bg7
9.Be2 O-O 10.O-O Re8 11.a4 Ne5 12.Qc2 Nh5 13.Bxh5 gxh5 14.Nd1 Qh4 15.Ra3 Bd7
16.h3 b5 17.axb5 Bxb5 18.Re1 f5 19.Ne3 f4 20.Nf5 Qf6 21.Nxg7 Qxg7 22.Nf3 Rf8
23.Nxe5 Qxe5 24.Rf3 Rf7 25.Bd2 Re8 26.Qc1 Ref8 27.Bc3 Qe7 28.g3 Qg5 29.Kh1 Re8
30.gxf4 Qh4 31.f5 Rxe4 32.Rg3+ Kf8 33.Qh6+ Ke7 34.Rge3 Bd3 35.Kg1 Rxf5 36.Qxh7+ Kd8
37.Ba5+  1-0

[Event "New York op"]
[Site "New York"]
[Date "1988.??.??"]
[Round "?"]
[White "Tukmakov, Vladimir B"]
[Black "Foisor, Ovidiu"]
[Result "1/2-1/2"]
[WhiteElo "2570"]
[BlackElo "2495"]

1.d4 Nf6 2.c4 e6 3.Nf3 c5 4.d5 exd5 5.cxd5 d6 6.Nc3 g6 7.Nd2 Bg7 8.e4 O-O
9.Be2 Na6 10.O-O Nc7 11.a4 b6 12.Nc4 Ba6 13.Rb1 Qd7 14.Bd2 Bxc4 15.Bxc4 a6
16.b4 b5 17.Bd3 c4 18.Bc2 bxa4 19.Nxa4 Rab8 20.Nc3 Nb5 21.Ra1 Qb7 22.Nxb5 axb5
23.Bc3 Ra8 24.f4 Rxa1 25.Bxa1 Qa7+ 26.Bd4 Qa2 27.h3 Re8 28.e5 Nd7 29.e6 fxe6
30.dxe6 Rxe6 31.f5 Bxd4+ 32.Qxd4 Rf6 33.Qd5+ Kg7 34.Qxb5 Qxc2 35.Qxd7+ Kh6
36.Qe7 Rxf5 37.Qe3+ Kg7 38.Qe7+ Kh6 39.Qe3+ Kg7 40.Qe7+ Kh6  1/2-1/2

[Event "Porz"]
[Site "Porz"]
[Date "1988.??.??"]
[Round "?"]
[White "Meduna, Eduard"]
[Black "Schoen, Wolfram"]
[Result "1-0"]
[WhiteElo "2460"]
[BlackElo "2430"]

1.d4 Nf6 2.c4 c5 3.d5 e6 4.Nc3 exd5 5.cxd5 d6 6.Nf3 g6 7.Nd2 Bg7 8.e4 O-O
9.Be2 Nbd7 10.O-O Ne5 11.Re1 a6 12.a4 Nh5 13.Nf1 Qh4 14.g3 Qh3 15.Ne3 Nf6
16.f3 h5 17.Bf1 Qd7 18.f4 Neg4 19.Nc4 Qd8 20.h3 Nh6 21.e5 dxe5 22.fxe5 Nh7
23.e6 fxe6 24.Bxh6 Bxh6 25.dxe6 Rxf1+ 26.Rxf1 Bxe6 27.Qxd8+ Rxd8 28.Ne5 Be3+
29.Kh1 Rd2 30.Rfe1 Bf2 31.Re2 Bd5+ 32.Kh2 Rxe2 33.Nxe2 Kg7 34.Nxg6 Nf6 35.Ngf4 Bc4
36.Rc1 b5 37.a5 h4 38.g4 Ne4 39.Kg2 Be3 40.Nh5+ Kh6 41.Rxc4 bxc4 42.Kf3 c3
43.bxc3 Nxc3 44.Nxc3 Bd2 45.Ne4 Bb4 46.Nf4 c4 47.Ke2 Bxa5 48.Ng2 Bd8 49.Nd6 Kg6
50.Nxc4 Kf7 51.Kd3 a5 52.Ne5+ Ke6 53.Nc6 Bb6 54.Nxh4 Kd5 55.g5 Ke6 56.Nd4+  1-0

[Event "Bohemians"]
[Site "Prague"]
[Date "1988.??.??"]
[Round "?"]
[White "Karolyi, Tibor Jr"]
[Black "Danner, Georg"]
[Result "1-0"]
[WhiteElo "2475"]
[BlackElo "2425"]

1.d4 Nf6 2.c4 e6 3.Nf3 c5 4.d5 exd5 5.cxd5 d6 6.Nc3 g6 7.Nd2 Nbd7 8.e4 Bg7
9.Be2 O-O 10.O-O Re8 11.a4 g5 12.Re1 Ne5 13.Nf1 h6 14.a5 Ng6 15.Bb5 Rf8 16.a6 Qc7
17.axb7 Bxb7 18.Ne3 a6 19.Bf1 Bc8 20.Bd2 Re8 21.Qc2 Ne5 22.Ne2 Neg4 23.Nxg4 Nxg4
24.h3 Ne5 25.Ng3 Rb8 26.Ra2 c4 27.Bc3 Qe7 28.Bxc4 g4 29.Bxa6 gxh3 30.Bxc8 Rbxc8
31.Qe2 hxg2 32.Qh5 Qg5 33.Re3 Ng4 34.Qxg5 hxg5 35.Rf3 Bxc3 36.Rxc3 Rxc3 37.bxc3 Nf6
38.Ra6 Nxe4 39.Nxe4 Rxe4 40.Rxd6 Kf8 41.Rc6 Rg4 42.d6 Ke8 43.Rc7 f5 44.c4 f4
45.Re7+ Kd8 46.c5 f3 47.c6 Rc4 48.c7+ Kc8 49.Re8+ Kb7 50.Rb8+ Ka7 51.c8=Q  1-0

[Event "Bohemians"]
[Site "Prague"]
[Date "1988.??.??"]
[Round "?"]
[White "Vokac, Marek"]
[Black "Danner, Georg"]
[Result "1-0"]
[WhiteElo "2410"]
[BlackElo "2425"]

1.d4 Nf6 2.c4 c5 3.d5 e6 4.Nc3 exd5 5.cxd5 d6 6.Nf3 g6 7.Bg5 Bg7 8.Nd2 h6
9.Bh4 g5 10.Bg3 Nh5 11.Nc4 Nxg3 12.hxg3 Bxc3+ 13.bxc3 b5 14.Nd2 Nd7 15.e4 Rb8
16.Rb1 a6 17.a4 b4 18.cxb4 Rxb4 19.Rxb4 cxb4 20.Qa1 Qf6 21.Qxf6 Nxf6 22.a5 Ke7
23.Bd3 Bd7 24.Ke2 Rb8 25.f3 Bb5 26.Bxb5 Rxb5 27.Nb3 h5 28.Nd4 Rb7 29.Rb1 Nd7
30.Rxb4 Rxb4 31.Nc6+ Kf6 32.Nxb4 Nc5 33.Ke3 Kg6 34.Nc6 f6 35.Kd4 h4 36.Ne7+ Kf7
37.Nf5 Nb3+ 38.Kc3 Nxa5 39.Nxd6+ Ke7 40.Nf5+ Kd7 41.gxh4 gxh4 42.Nxh4 Kd6
43.Nf5+ Kc5 44.Nd4 Nb7 45.Ne6+ Kd6 46.g4 a5 47.f4 Ke7 48.e5 fxe5 49.fxe5 Kf7
50.Kc4 a4 51.Kb4  1-0

[Event "ROM-ch"]
[Site "Predeal"]
[Date "1988.??.??"]
[Round "4"]
[White "Marin, Mihail"]
[Black "Armas, Iulius"]
[Result "1/2-1/2"]
[WhiteElo "2480"]
[BlackElo "2460"]

1.d4 Nf6 2.c4 c5 3.d5 e6 4.Nc3 exd5 5.cxd5 d6 6.Nf3 g6 7.g3 Bg7 8.Bg2 O-O
9.O-O a6 10.a4 Nbd7 11.Nd2 Re8 12.h3 Rb8 13.Nc4 Nb6 14.Ne3 Nbd7 15.Nc4 Nb6
16.Na3 Na8 17.Ne4  1/2-1/2

[Event "URS-ch sf"]
[Site "Riga"]
[Date "1988.??.??"]
[Round "?"]
[White "Nenashev, Alexander"]
[Black "Semeniuk, Alexander A"]
[Result "0-1"]
[WhiteElo "2445"]
[BlackElo "2355"]

1.d4 Nf6 2.c4 c5 3.d5 e6 4.Nc3 exd5 5.cxd5 d6 6.Nf3 g6 7.Nd2 Bg7 8.Nc4 O-O
9.Bg5 h6 10.Bf4 b6 11.Bxd6 Re8 12.e3 Ba6 13.Bg3 Nh5 14.a4 f5 15.Bxb8 Rxb8
16.Nb5 f4 17.Qg4 fxe3 18.fxe3 Bxb5 19.axb5 Qxd5 20.Be2 Re4 21.Rd1 Rxg4 22.Rxd5 Rxg2
23.Kf1 Rg5 24.Rxg5 hxg5 25.Rg1 Bf6 26.h4 Rf8 27.Ke1 Bd8 28.Ne5 Kg7 29.hxg5 Bc7
30.Nc4 Ng3 31.Bd3 Rd8 32.Be2 Rd5 33.Bf3 Rxg5 34.Kf2 Kf6 35.e4 Bf4 36.Ra1 Bb8
37.e5+ Bxe5 38.Rxa7 Bd4+ 39.Ke1 Rf5 40.Bc6 Rf1+ 41.Kd2 Rf2+ 42.Kd3 Nh5 43.Nxb6 Nf4+
44.Kc4 Rc2+ 45.Kb3 Rxb2+ 46.Ka3 Rb1 47.Ra4 Nd3 48.Be4 Rd1 49.Kb3 Nb4 50.Ra8 Re1
51.Nd7+ Ke7 52.Nxc5 Bxc5 53.Bxg6 Kd6 54.Rd8+ Kc7 55.Re8 Rf1 56.Re6 Kd7 57.Re2 Nd5
58.Be4 Ne3 59.Rh2 Kd6 60.Rh5 Rf4 61.Bc6 Bd4 62.Kb4 Be5+ 63.Ka5 Nc4+ 64.Ka6 Rf2
65.Be4 Ra2+ 66.Kb7 Rb2 67.Bd3 Rxb5+ 68.Ka6 Ra5+ 69.Kb7 Rb5+ 70.Ka6 Ra5+ 71.Kb7 Ne3
72.Rh6+ Kd5 73.Be2 Ra2 74.Bf3+ Kc5 75.Rc6+ Kd4 76.Rc8 Nc4 77.Rd8+ Nd6+ 78.Kc6 Rc2+
79.Kd7 Rf2 80.Bh1 Rh2 81.Bf3 Rh6 82.Rg8 Nc4 83.Rg4+ Kc5 84.Rg5 Kb6 85.Rf5 Bd6
86.Bh5 Ne5+ 87.Kd8 Rh7 88.Rf6 Kc5 89.Bg6 Nc6+ 90.Ke8 Re7+ 91.Kf8 Re6+ 92.Kf7 Nd8+  0-1

[Event "URS-ch sf"]
[Site "Riga"]
[Date "1988.??.??"]
[Round "?"]
[White "Tukmakov, Vladimir B"]
[Black "Moskalenko, Viktor"]
[Result "1/2-1/2"]
[WhiteElo "2590"]
[BlackElo "2475"]

1.d4 Nf6 2.Nf3 e6 3.c4 c5 4.d5 exd5 5.cxd5 d6 6.Nc3 g6 7.Nd2 Bg7 8.e4 O-O
9.Be2 Ne8 10.O-O f5 11.exf5 Bxf5 12.Nde4 Na6 13.Bg5 Nf6 14.Re1 Nc7 15.Ng3 Qd7
16.Qd2 b5 17.a3 c4 18.Nxf5 Qxf5 19.Bf3 Rae8 20.Be3 a6 21.h3 Qd7 22.Bd4 Rxe1+
23.Rxe1 Re8 24.Rxe8+ Qxe8 25.Bb6 Qe7 26.a4 bxa4 27.Qe2 Qxe2 28.Bxe2 Nb5 29.Nxa4 Nd7
30.Ba5 Ne5 31.f4 Nd3 32.Bxd3 cxd3 33.Kf1 Bd4 34.Ke1 Be3 35.Bd2 Bd4 36.Bc1 Nc7
37.Kd2 Nxd5 38.Kxd3  1/2-1/2

[Event "Salamanca"]
[Site "Salamanca"]
[Date "1988.??.??"]
[Round "6"]
[White "Andruet, Gilles"]
[Black "Franco Ocampo, Zenon"]
[Result "1/2-1/2"]
[WhiteElo "2430"]
[BlackElo "2425"]

1.d4 Nf6 2.c4 e6 3.Nf3 c5 4.d5 d6 5.Nc3 exd5 6.cxd5 g6 7.Nd2 Bg7 8.Nc4 O-O
9.Bg5 Qe7 10.e3 Na6 11.Be2 Nc7 12.a4 b6 13.O-O Ba6 14.h3 Qd7 15.e4 Rfe8 16.Qc2 Bxc4
17.Bxc4 a6 18.Qd3 h6 19.Bh4 g5 20.Bg3 Rab8 21.e5 dxe5 22.d6 Ne6 23.Bxe5 Nh5
24.Bxg7 Kxg7 25.Bxa6 Nef4 26.Qf3 Qxd6 27.Bb5 Re7 28.Rad1 Qe5 29.Nd5  1/2-1/2

[Event "URS-FL56"]
[Site "Simferopol"]
[Date "1988.??.??"]
[Round "?"]
[White "Savchenko, Stanislav"]
[Black "Romanishin, Oleg M"]
[Result "1/2-1/2"]
[WhiteElo "2480"]
[BlackElo "2550"]

1.d4 Nf6 2.c4 e6 3.Nf3 c5 4.d5 d6 5.Nc3 exd5 6.cxd5 g6 7.g3 Bg7 8.Bg2 O-O
9.O-O Re8 10.Bf4 Na6 11.h3 Nc7 12.a4 Ne4 13.Nxe4 Rxe4 14.Nd2 Rb4 15.b3 Rxf4
16.gxf4 Bxa1 17.Qxa1 Qh4 18.Qc3 Qxf4 19.e3 Qh4 20.e4 Qf4 21.b4 Na6 22.b5 Nb4
23.Nc4 a6 24.b6 Bd7 25.Qg3 Nxd5 26.exd5 Qxc4 27.Qxd6 Qxa4 28.Re1 Re8 29.Rxe8+ Bxe8
30.Qc7 Qa1+ 31.Kh2 Bb5 32.Qxb7 Qe5+ 33.Kg1 Qe1+ 34.Kh2 Qe5+  1/2-1/2

[Event "URS-FL56"]
[Site "Simferopol"]
[Date "1988.??.??"]
[Round "?"]
[White "Giorgadze, Giorgi"]
[Black "Romanishin, Oleg M"]
[Result "1/2-1/2"]
[WhiteElo "2410"]
[BlackElo "2550"]

1.d4 Nf6 2.c4 e6 3.Nf3 c5 4.d5 d6 5.Nc3 exd5 6.cxd5 g6 7.e4 Bg7 8.Bd3 O-O
9.h3 Nh5 10.O-O Nd7 11.Bg5 Bf6 12.Be3 a6 13.a4 Re8 14.Nd2 Bd4 15.Bxd4 cxd4
16.Ne2 Nc5 17.Qc2 f5 18.Rae1 Qf6 19.b4 fxe4 20.Nxe4 Nxe4 21.Bxe4 Bd7 22.Bf3 Nf4
23.Nxf4 Qxf4 24.Rd1 Rac8 25.Qd3 Bxa4 26.Qxd4 Rc4 27.Qxf4 Rxf4 28.Rb1 Bd7
29.Rb3 Kf7 30.Rc1 Re7 31.Rc7 Ba4 32.Rxe7+ Kxe7 33.Re3+ Kd8 34.Re4 Rxe4 35.Bxe4 b6
36.Kf1 Bb5+ 37.Ke1 a5 38.bxa5 bxa5 39.Kd2 Kc7 40.f4 Kb6 41.g4 Kc5 42.Kc3 Be8
43.h4 a4 44.f5 a3 45.fxg6 hxg6 46.Bf3  1/2-1/2

[Event "URS-FL56"]
[Site "Simferopol"]
[Date "1988.??.??"]
[Round "?"]
[White "Tukmakov, Vladimir B"]
[Black "Kovalev, Andrei"]
[Result "1/2-1/2"]
[WhiteElo "2590"]
[BlackElo "2440"]

1.d4 Nf6 2.c4 e6 3.Nf3 c5 4.d5 exd5 5.cxd5 d6 6.Nc3 g6 7.e4 Bg7 8.h3 O-O
9.Bd3 Na6 10.O-O Nc7 11.Re1 a6 12.Bf4 b5 13.a3 Bb7 14.Qd2 Re8 15.b4 cxb4
16.axb4 Rc8 17.Bh6 Bh8 18.Be3 Na8 19.Bd4 Nb6 20.Rac1 Nc4 21.Qa2 Nd7 22.Bxh8 Kxh8
23.Nb1 Nde5 24.Nxe5 Nxe5 25.Be2 Qh4 26.Nd2 f5 27.Rxc8  1/2-1/2

[Event "Stara Pazova"]
[Site "Stara Pazova"]
[Date "1988.??.??"]
[Round "10"]
[White "Popov, Luben"]
[Black "Romanishin, Oleg M"]
[Result "1/2-1/2"]
[WhiteElo "2430"]
[BlackElo "2550"]

1.d4 Nf6 2.Nf3 e6 3.c4 c5 4.d5 d6 5.Nc3 exd5 6.cxd5 g6 7.Nd2 Bg7 8.Nc4 O-O
9.Bg5 Qd7 10.a4 Na6 11.e3 Nb4 12.Be2 Qf5 13.Bxf6 Qxf6 14.O-O Qe7 15.Qd2 b6
16.Na2 Nxa2 17.Rxa2 Ba6 18.b3 Rab8 19.Rc1 Bb7 20.Bf3 Rfd8 21.g3 Bc8 22.b4 cxb4
23.Qxb4 Bh3 24.Nd2 Rbc8 25.Rc6 Bd7 26.Rcc2 Rc5 27.Nb3 Rxc2 28.Rxc2 Rc8  1/2-1/2

[Event "Rilton Cup"]
[Site "Stockholm"]
[Date "1988.??.??"]
[Round "?"]
[White "Bjork, Carl Magnus"]
[Black "Hall, Jesper"]
[Result "1-0"]
[WhiteElo "2325"]
[BlackElo "2200"]

1.d4 Nf6 2.c4 c5 3.d5 e6 4.Nc3 exd5 5.cxd5 d6 6.Nf3 g6 7.Bg5 Bg7 8.Nd2 h6
9.Bh4 a6 10.a4 g5 11.Bg3 Nh5 12.Nc4 Nxg3 13.hxg3 O-O 14.a5 Nd7 15.Nxd6 Ne5
16.Nxc8 Rxc8 17.e3 c4 18.Be2 Rc5 19.O-O Rxa5 20.Rc1 b5 21.e4 Qb6 22.Kh1 b4
23.Na4 Qg6 24.f3 Rc8 25.Rf2 h5 26.b3 h4 27.gxh4 gxh4 28.f4 Qg3 29.Qf1 c3
30.Nb6 Rb8 31.Nc4 Nxc4 32.Bxc4 c2 33.e5 Ra2 34.Rfxc2 Rxc2 35.Rxc2 Bh6 36.Rf2 h3
37.gxh3 Kh8 38.Rf3  1-0

[Event "Rilton Cup"]
[Site "Stockholm"]
[Date "1988.??.??"]
[Round "?"]
[White "Bator, Robert"]
[Black "Vigfusson, Thrainn"]
[Result "1-0"]
[WhiteElo "2370"]
[BlackElo "2230"]

1.d4 Nf6 2.c4 e6 3.Nf3 c5 4.d5 exd5 5.cxd5 d6 6.Nc3 g6 7.Bf4 Bg7 8.Qa4+ Bd7
9.Qb3 Qc7 10.e4 O-O 11.Nd2 Nh5 12.Be3 f5 13.exf5 Bxf5 14.Be2 Nf6 15.Nc4 Qe7
16.O-O Na6 17.a3 Ng4 18.Bf4 Rad8 19.Rae1 Rfe8 20.Bxg4 Qxe1 21.Bxf5 gxf5 22.Be3 Rxe3
23.Nxe3 Qd2 24.Rd1 c4 25.Qxb7  1-0

[Event "Rilton Cup"]
[Site "Stockholm"]
[Date "1988.??.??"]
[Round "?"]
[White "Pritchett, Craig William"]
[Black "Hall, Jesper"]
[Result "1-0"]
[WhiteElo "2400"]
[BlackElo "2200"]

1.d4 Nf6 2.Nf3 e6 3.c4 c5 4.d5 exd5 5.cxd5 d6 6.Nc3 g6 7.e4 Bg7 8.Bd3 O-O
9.h3 b5 10.O-O a6 11.Re1 Nbd7 12.Bg5 Qc7 13.Qd2 Re8 14.Rac1 c4 15.Bb1 b4
16.Nd1 a5 17.Bh6 Bh8 18.Ne3 Nxe4 19.Bxe4 Rxe4 20.Nxc4 Rxe1+ 21.Qxe1 Ba6 22.Nce5 Nc5
23.Nc6 Bf6 24.Qe3 Qd7 25.Qf4 Bxb2 26.Rxc5 dxc5 27.Nfe5 Bxe5 28.Qxe5 f6 29.Qxf6 Re8
30.d6 Qf7 31.Qxf7+ Kxf7 32.d7 Re1+ 33.Kh2 Rd1 34.d8=Q Rxd8 35.Nxd8+ Ke7 36.Nc6+ Kd6
37.Nxa5 c4 38.Bf8+  1-0

[Event "DDR-ch 37th"]
[Site "Stralsund"]
[Date "1988.??.??"]
[Round "13"]
[White "Gruenberg, Hans Ulrich"]
[Black "Luther, Thomas"]
[Result "1/2-1/2"]
[WhiteElo "2465"]
[BlackElo "2410"]

1.d4 Nf6 2.c4 e6 3.Nf3 c5 4.d5 exd5 5.cxd5 d6 6.Nc3 g6 7.Bf4 a6 8.a4 Bg7
9.h3 O-O 10.e3 Nh5 11.Bh2 f5 12.Be2 f4 13.e4 Nd7 14.a5 Rb8  1/2-1/2

[Event "Tbilisi"]
[Site "Tbilisi"]
[Date "1988.??.??"]
[Round "?"]
[White "Zaichik, Gennadi"]
[Black "Romanishin, Oleg M"]
[Result "0-1"]
[WhiteElo "2510"]
[BlackElo "2550"]

1.d4 Nf6 2.c4 e6 3.Nf3 c5 4.d5 d6 5.Nc3 exd5 6.cxd5 g6 7.e4 Bg7 8.h3 O-O
9.Bd3 Nh5 10.O-O Nd7 11.Bg5 Bf6 12.Bh6 Re8 13.Qd2 a6 14.g4 Ng7 15.a4 Qc7
16.Kg2 c4 17.Bc2 Rb8 18.Nd4 Nc5 19.g5 Qd7 20.Rh1 Bd8 21.Bxg7 Kxg7 22.f4 Ba5
23.Rae1 Kg8 24.Qd1 Qd8 25.h4 Qb6 26.h5 Nd3 27.Bxd3 Qxb2+ 28.Bc2 Bxc3 29.hxg6 fxg6
30.e5 Bxd4 31.Rxh7 Bf5 32.Reh1 Be4+ 33.Kg3 Bxe5 34.Bxe4 Bxf4+ 35.Kg4 Bh2
36.Bc2 Kxh7 37.Rxh2+ Kg8 38.Rh6 Re7 39.Rxg6+ Rg7 40.Re6 Rf8 41.g6 b5 42.Rxd6 Re7
43.Rc6 Qe5 44.Qd2 Rf1  0-1

[Event "Tel Aviv"]
[Site "Tel Aviv"]
[Date "1988.??.??"]
[Round "?"]
[White "Lahav, Ehud"]
[Black "Blees, Albert"]
[Result "1-0"]
[WhiteElo "2340"]
[BlackElo "2390"]

1.d4 Nf6 2.Nf3 e6 3.c4 c5 4.d5 exd5 5.cxd5 d6 6.Nc3 g6 7.g3 Bg7 8.Bg2 O-O
9.O-O Na6 10.Nd2 Nc7 11.Nc4 Nfe8 12.a4 b6 13.Bd2 Qd7 14.Qc1 Ba6 15.b3 Nf6
16.h3 Rab8 17.Re1 Bxc4 18.bxc4 a6 19.e4 Rfe8 20.Bf1 Re5 21.Ra3 Rbe8 22.Qb1 Rh5
23.Qxb6 Rxh3 24.Bf4 Bf8 25.Bg5 Nh5 26.Nb1 Re5 27.Bd2 Ne8 28.Qc6 Qg4 29.Bg2 Nef6
30.Bf3 Rxg3+ 31.fxg3 Qxg3+ 32.Bg2 Qg4 33.Qb7 Nxe4 34.Qb2 Bg7 35.Qc2 Nhg3
36.Ba5 f5 37.Rae3 f4 38.Rxe4 Nxe4 39.Rxe4 Rxe4 40.Qxe4 Bd4+ 41.Kf1 Qd1+ 42.Be1  1-0

[Event "Thessaloniki ol (Women)"]
[Site "Thessaloniki"]
[Date "1988.??.??"]
[Round "?"]
[White "Horvath, Maria"]
[Black "Bener, Anna"]
[Result "1-0"]
[WhiteElo "2030"]
[BlackElo "2055"]

1.d4 Nf6 2.c4 c5 3.d5 e6 4.Nc3 exd5 5.cxd5 d6 6.Nf3 g6 7.Bg5 h6 8.Bh4 g5
9.Bg3 Nh5 10.e4 Nxg3 11.hxg3 Bg7 12.Be2 a6 13.a4 Nd7 14.Nd2 Ne5 15.Nf1 O-O
16.g4 Re8 17.Ne3 Rb8 18.Kf1 Qc7 19.g3 c4 20.Kg2 b5 21.axb5 axb5 22.Rc1 Qa5
23.Rh5 Ra8 24.Qh1 Nd3 25.Bxd3 cxd3 26.Rxh6 b4 27.Ncd1 Rxe4 28.Qh5 Qd8 29.Rxc8 Rxc8
30.Nf5 Qf8 31.Qxg5 Rcc4 32.Rh4 Re5 33.Qh5 f6 34.Qg6 Rxf5 35.Qxf5 d2 36.Qd3 Rc7
37.Qxd2 Qe7 38.Ne3 b3 39.Qa5 Qe4+ 40.Kh2 Qe7  1-0